Datum a čas kvízu
18
Celkem bodů
Celkový počet nahraných bodů na tomto kvízu bez doplňovacích otázek.
9.
Pořadí na kvízu
Konečné umístění týmu na tomto kvízu.
Zaznamenané odpovědi
| # | Otázka | Odpověď | Body | Výsledky |
|---|---|---|---|---|
| 1. | Česká policie představila v po... | Ferrari | 0 | |
| 2. | Američanka Wendy Watsonová byl... | o medvěda | 0 | |
| 3. | Minulý týden začalo natáčení n... | David Švehlík | 0 | |
| 4. | Minulý týden jsme s napětím sl... | Canadair | 0 | |
| 5. | Jak se jmenuje podceňovaný nor... | Viking FK (Viking Stavanger) | 0 | |
| 6. | Znak „apostrof“ má správně vyp... | B) malá devítka | 1 | |
| 7. | Ve slovním spojení vědecko?fan... | D | 0 | |
| 8. | Pokud nám slova paklík a paklí... | C | 1 | |
| 9. | Které z těchto znamének stojí... | A | 0 | |
| 10. | Napojení dvou vedle sebe stojí... | ligatura | 0 |